Physiographic Regions of Canada - Statistics

General Stats
  • This quiz has been taken 6 times
  • The average score is 4 of 7
Answer Stats
Hint Answer % Correct
A knight's favourite Canadian Shield
80%
BC Western Cordillera
80%
Like the company Hudson Bay Lowlands
60%
Prairies Interior Plains
60%
River St. Lawrence Lowlands
60%
East Coast Mountains Appalachian Region
40%
Way Up There! Brrrr Arctic Lands
40%
No matching quizzes found
Score Distribution
Percent of People with Each Score
Percentile by Number Answered
Your Score History
You have not taken this quiz